| 000 | 00783nam a22002177a 4500 | ||
|---|---|---|---|
| 003 | 0 | ||
| 005 | 20250917111506.0 | ||
| 008 | 250917b xxu||||| |||| 00| 0 eng d | ||
| 020 | _a978-1-032-89126-2 | ||
| 050 |
_aTK 7872.S4 _b.E74 2025 |
||
| 100 |
_aEren, Halit, _eauthor. |
||
| 245 |
_aArtificial intelligence in wireless sensors and instruments : _bnetworks and applications / _cHalit Eren. |
||
| 260 |
_aBoca Raton, FL : _bCRC Press, _c2025. |
||
| 300 |
_axxvi, 270 pages : _billustrations ; _c24 cm. |
||
| 504 | _aIncludes bibliographical references and index. | ||
| 650 | _aWireless sensor networks. | ||
| 650 |
_aArtificial intelligence _xIndustrial applications. |
||
| 650 |
_aSensors _xAutomatic control. |
||
| 650 |
_aInstrumentation _xData processing. |
||
| 942 |
_2lcc _cBK |
||
| 999 |
_c368002 _d368002 |
||